000 00341nam a22001337a 4500
003 SGT
082 _a617.525
_bM13M
100 _aMUDGAL, PRIYANKA
245 _aMODEL SURGERY AND SPLINT DESING IN ORTHOGNTHIC SURGERY
260 _aDELHI NCR
_bSGT UNIVERSITY GURUGRAM
_c2013
300 _a1-87
650 _aORAL SURGERY
942 _2ddc
_cTH
999 _c18924
_d18924